| 000 | 01130nam a2200313 a 4500 | ||
|---|---|---|---|
| 999 |
_c1913 _d1913 |
||
| 001 | 1913 | ||
| 003 | BD-JhCC | ||
| 005 | 20200329134008.0 | ||
| 008 | 991209s2000 flua b a 000 0 eng | ||
| 020 | _a1558747524 | ||
| 035 | _a(BD-JhCC)1913 | ||
| 040 |
_aDLC _cDLC _dDLC |
||
| 041 | _aeng | ||
| 050 | 0 | 0 |
_aBF637.S8 _bC2775 2000 |
| 082 | 0 | 0 |
_a158.1 _221 _bCAN 2000 |
| 100 | 1 |
_aCanfield, Jack, _d1944- |
|
| 245 | 1 | 4 |
_aThe power of focus / _cJack Canfield, Mark Victor Hansen, Les Hewitt. |
| 260 |
_aDeerfield Beach, Fla. : _bHealth Communications, _cc2000. |
||
| 300 |
_axxi, 310 p. : _bill. ; 22 cm. |
||
| 504 | _aIncludes bibliographical references (p. 303-307). | ||
| 650 | 0 |
_aSuccess _xPsychological aspects. |
|
| 700 | 1 | _aHansen, Mark Victor. | |
| 700 | 1 | _aHewitt, Les. | |
| 856 | 4 | 2 |
_3Publisher description _uhttp://www.loc.gov/catdir/enhancements/fy0727/99089886-d.html |
| 856 | 4 | 1 |
_3Sample text _uhttp://www.loc.gov/catdir/enhancements/fy0727/99089886-s.html |
| 856 | 4 | 2 |
_3Contributor biographical information _uhttp://www.loc.gov/catdir/enhancements/fy0735/99089886-b.html |
| 942 |
_2ddc _cBK _02 |
||